The British consuls in the Confederacy /

Saved in:
Bibliographic Details
Main Author: Bonham, Milledge Louis, 1880-1941
Format: Book
Language:English
Published: New York : AMS Press, 1967.
Series:Columbia studies in the social sciences ; no. 111.
Subjects:
LEADER 01261nam a2200277 i 4500
001 c000255018
003 CARM
005 00000000000000.0
008 850125r19671911nyu b 000 0 eng d
019 1 |a 239088  |5 LACONCORD2021 
035 |a (OCoLC)213703  |5 LACONCORD2021 
082 0 4 |a 327.42/075 
100 1 |a Bonham, Milledge Louis,  |d 1880-1941. 
245 1 4 |a The British consuls in the Confederacy /  |c by Milledge L. Bonham, Jr. 
260 |a New York :  |b AMS Press,  |c 1967. 
300 |a 267 p. ;  |c 23 cm. 
490 1 |a Studies in history, economics, and public law ;  |v v. 43, no. 3, whole no. 111 
500 |a Reprint of the 1911 ed., originally presented as the author's thesis, Columbia University. 
504 |a Bibliography: p. 262-267. 
650 0 |a Diplomatic and consular service, British. 
651 0 |a Great Britain  |x Foreign relations  |z Confederate States of America. 
651 0 |a Confederate States of America  |x Foreign relations  |z Great Britain. 
830 0 |a Columbia studies in the social sciences ;  |v no. 111. 
852 8 |b CARM  |h A2:AO35G0  |i B06859  |p 0333120  |f BK 
999 f f |i ad37eb05-4baa-50a1-a8cd-3b3be6f79300  |s 9cf3316a-b689-5e4e-8ac2-dc3f531af987 
952 f f |p Can circulate  |a CAVAL  |b CAVAL  |c CAVAL  |d CARM 1 Store  |e B06859  |f A2:AO35G0  |h Other scheme  |i book  |m 0333120